| 000 | 00521 a2200169 4500 | ||
|---|---|---|---|
| 003 | OSt | ||
| 005 | 20240823124410.0 | ||
| 008 | 231018b |||||||| |||| 00| 0 eng d | ||
| 020 | _a9953752737 | ||
| 040 | _coclc | ||
| 082 |
_a823.914 _bSHA/A |
||
| 100 | 1 |
_aShakespeare, William, _d1564-1616 _974 |
|
| 245 |
_aANTONY & CLEOPATRA _bEnglish-Arabic / _cWilliam Shakespeare |
||
| 260 |
_aBeirut _bDAR WAMAKTABAT AL -HILAL, _c2007 |
||
| 300 | _a523 p | ||
| 942 |
_2ddc _cBK _h823.914 _iSHA/A _k823.914 _mSHA/A |
||
| 999 |
_c42662 _d42662 |
||